Bridge (Record no. 124719)
[ view plain ]
| 000 -LEADER | |
|---|---|
| campo de control de longitud fija | 00926nam a2200265 i 4500 |
| 001 - NÚMERO DE CONTROL | |
| campo de control | 124719 |
| 003 - IDENTIFICADOR DE NÚMERO DE CONTROL | |
| campo de control | ES-MaACL |
| 005 - FECHA Y HORA DE LA ÚLTIMA TRANSACCIÓN | |
| campo de control | 20230906192500.0 |
| 007 - CAMPO FIJO DE DESCRIPCIÓN FÍSICA--INFORMACIÓN GENERAL | |
| campo de control de longitud fija | t| |
| 008 - DATOS DE LONGITUD FIJA--INFORMACIÓN GENERAL | |
| campo de control de longitud fija | 070418s1924 sp ||||1| spa d |
| 080 ## - NÚMERO DE LA CLASIFICACIÓN DECIMAL UNIVERSAL | |
| Número de la Clasificación Decimal Universal | 820-221"19" |
| 100 1# - ENTRADA PRINCIPAL--NOMBRE DE PERSONA | |
| Nombre de persona | Hamilton, Charles. |
| 9 (RLIN) | 61656 |
| 245 10 - MENCIÓN DEL TÍTULO | |
| Título | Bridge |
| Resto del título | : Comedia en tres actos / |
| Mención de responsabilidad, etc. | original de Carlos Hamilton y Pierre Berton ; versión castellana de Luis Gabaldón y E.F. Gutiérrez-Roíg. |
| 260 ## - PUBLICACIÓN, DISTRIBUCIÓN, ETC. | |
| Lugar de publicación, distribución, etc. | [Madrid : |
| Nombre del editor, distribuidor, etc. | La Novela Teatral, |
| Fecha de publicación, distribución, etc. | 1924] |
| 300 ## - DESCRIPCIÓN FÍSICA | |
| Extensión | 18 h. ; |
| Dimensiones | 20 cm. |
| 490 1# - MENCIÓN DE SERIE | |
| Mención de serie | La novela teatral ; |
| Designación de volumen o secuencia | 383 |
| 500 ## - NOTA GENERAL | |
| Nota general | En la cub. caricatura de Juan Belmonte por Tovar. |
| 700 1# - ENTRADA AGREGADA--NOMBRE PERSONAL | |
| Nombre de persona | Berton, Pierre. |
| 9 (RLIN) | 28485 |
| 700 1# - ENTRADA AGREGADA--NOMBRE PERSONAL | |
| Nombre de persona | Gabaldón, Luis. |
| 9 (RLIN) | 53114 |
| 700 1# - ENTRADA AGREGADA--NOMBRE PERSONAL | |
| Nombre de persona | Gutiérrez-Roig, Enrique F. |
| 9 (RLIN) | 61218 |
| 700 0# - ENTRADA AGREGADA--NOMBRE PERSONAL | |
| Nombre de persona | Tovar |
| Títulos y otros términos asociados al nombre | , ilustrador. |
| 9 (RLIN) | 157378 |
| 830 0# - PUNTO DE ACCESO ADICIONAL DE SERIE-TÍTULO UNIFORME | |
| Título uniforme | La novela teatral ; |
| Designación de volumen o secuencia | 383 |
| 9 (RLIN) | 122427 |
| 852 ## - LOCALIZACIÓN | |
| Ubicación | ES-MaACL |
| Número de control de estantería | 2216-F-37 |
| Sublocalización o colección | R.138811 |
| Estatus retirado | Estado de pérdida | Estado de daño | No para préstamo | Colección | Biblioteca de origen | Biblioteca actual | Ubicación en estantería | Fecha de adquisición | Fuente de adquisición | Total de préstamos | Signatura topográfica completa | Código de barras | Visto por última vez | Precio de reemplazo | Tipo de ítem Koha |
|---|---|---|---|---|---|---|---|---|---|---|---|---|---|---|---|
| Colección de folletos | Biblioteca del Ateneo de Madrid | Biblioteca del Ateneo de Madrid | Depósito folletos | 17/01/2008 | 2216-F-37 | 1129949 | 23/02/2023 | 23/02/2023 | Folleto |
